Discurso inaugural que en la solemne apertura del curso académico de 1864 á 1865 leyó ante el claustro de la Universidad de Valladolid / (Record no. 29552)

MARC details
000 -LEADER
campo de control de longitud fija 00879nam a2200205 i 4500
001 - NÚMERO DE CONTROL
campo de control 29552
003 - IDENTIFICADOR DE NÚMERO DE CONTROL
campo de control ES-MaACL
005 - FECHA Y HORA DE LA ÚLTIMA TRANSACCIÓN
campo de control 20230906154042.0
007 - CAMPO FIJO DE DESCRIPCIÓN FÍSICA--INFORMACIÓN GENERAL
campo de control de longitud fija t|
008 - DATOS DE LONGITUD FIJA--INFORMACIÓN GENERAL
campo de control de longitud fija 030122s1864 sp ||||1| spa d
100 1# - ENTRADA PRINCIPAL--NOMBRE DE PERSONA
Nombre de persona Barreda, Dionisio.
9 (RLIN) 25877
245 10 - MENCIÓN DEL TÍTULO
Título Discurso inaugural que en la solemne apertura del curso académico de 1864 á 1865 leyó ante el claustro de la Universidad de Valladolid /
Mención de responsabilidad, etc. Dionisio Barreda.
260 ## - PUBLICACIÓN, DISTRIBUCIÓN, ETC.
Lugar de publicación, distribución, etc. Valladolid :
Nombre del editor, distribuidor, etc. [s.n.],
Fecha de publicación, distribución, etc. 1864.
300 ## - DESCRIPCIÓN FÍSICA
Extensión 47, 100, 27 p. ;
Dimensiones 26 cm.
500 ## - NOTA GENERAL
Nota general Tema del discurso: Necesidad de proteger de la meteorología en atención a los beneficios que ha de reportar a la sociedad por la aplicación de sus principios.
505 8# - NOTA DE CONTENIDO CON FORMATO
Nota de contenido con formato Contiene: Datos estadísticos del curso de 1862 a 1863 (100 p.)
650 04 - PUNTO DE ACCESO ADICIONAL DE MATERIA--TÉRMINO DE MATERIA
Término de materia o nombre geográfico como elemento de entrada Metereología.
9 (RLIN) 15019
710 2# - ENTRADA AGREGADA--NOMBRE DE ENTIDAD CORPORATIVA
Nombre de entidad corporativa o nombre de jurisdicción como elemento de entrada Universidad de Valladolid.
9 (RLIN) 7332
852 ## - LOCALIZACIÓN
Ubicación ES-MaACL
Número de control de estantería T-669-F-6
Holdings
Estatus retirado Estado de pérdida Estado de daño No para préstamo Colección Biblioteca de origen Biblioteca actual Ubicación en estantería Fecha de adquisición Fuente de adquisición Total de préstamos Signatura topográfica completa Código de barras Visto por última vez Precio de reemplazo Tipo de ítem Koha
        Colección de folletos Biblioteca del Ateneo de Madrid Biblioteca del Ateneo de Madrid Depósito folletos 17/01/2008     T-669-F-6 1030508 23/02/2023 23/02/2023 Folleto